|
|
|
|
| LEADER |
00000nam a22000007a 4500 |
| 005 |
20140603215834.0 |
| 007 |
cr|||| |||| |
| 008 |
140603s2013 es |||||s|||| 00||0 spa d |
| 020 |
|
|
|a 978-84-9031-946-8
|
| 035 |
|
|
|a 12215
|
| 040 |
|
|
|a vLex
|
| 090 |
|
|
|c 4987
|d 4987
|
| 100 |
1 |
|
|a Acedo Penco, ℓngel
|
| 245 |
1 |
0 |
|a Derecho de Familia
|h [Recurso electrn̤ico] /
|c ℓngel Acedo Penco
|
| 256 |
|
|
|a Servicio en ln̕ea
|
| 260 |
|
|
|a Madrid:
|b Dykinson,
|c 2013
|
| 300 |
|
|
|a 1 recurso electrn̤ico
|
| 500 |
|
|
|a El presente libro consta de doscientas sesenta pg̀inas en las que se condensan cada una de las figuras legales y jurisprudenciales que giran en torno a la familia, siempre desde el punto de vista jurd̕ico-privado propio del Derecho Civil. En cuanto al contenido, se comienza con una visin̤ de la familia, el parentesco y el Derecho de familia, para seguir con el anl̀isis de la institucin̤ familiar por excelencia, el matrimonio, sin que por ello se hayan obviado nuevas modalidades familiares ajenas tales uniones. Especial atencin̤ merece el rǧimen legal de las crisis matrimoniales, as ̕como sus importantes efectos personales y patrimoniales -sin obviar las de las parejas de hecho-. La llamada economa̕ del matrimonio merece atencin̤ prioritaria en el libro por su trascendencia, as ̕como el rǧimen econm̤ico de los gananciales, el ms̀ extendido en Espaą. Finaliza la obra analizando la filiacin̤, tanto su determinacin̤ como las acciones que se derivan de ella, estudiando el rǧimen de la patria potestad, la tutela, la curatela, la adopcin̤ y, finalmente, la figura del acogimiento familiar.
|
| 506 |
1 |
|
|a Disponible solo en los productos indicados
|d vLex Global
|d vLex Global (Academic Edition, excluding Law Schools)
|d vLex Global (U.S. Academic Edition, Law Schools)
|d vLex Global (U.S. Academic Edition, excluding Law Schools)
|d vLex Global (Academic Edition, Law Schools)
|
| 650 |
0 |
4 |
|a Derecho Civil
|z Espaą
|
| 650 |
0 |
4 |
|a Familia y Sucesiones
|z Espaą
|
| 740 |
0 |
|
|a vLex Libros (Servicio en ln̕ea)
|
| 856 |
4 |
0 |
|u http://vlex.com/source/derecho-de-familia-12215
|z Acceso restringido
|
| 942 |
|
|
|c BOOK
|
| 999 |
0 |
|
|a Civil Law
|
| 999 |
0 |
|
|a Family and Inheritance
|